| 000 | 00869nam a2200301 a 4500 | ||
|---|---|---|---|
| 001 | 000112677 | ||
| 003 | CHAP | ||
| 005 | 20250322162306.0 | ||
| 008 | 160920s2007 mx |r| ||||||spa d | ||
| 010 | _a109138 | ||
| 011 | _a110110 | ||
| 020 | _a9789682478529 | ||
| 040 | _cCHAP | ||
| 082 | 0 | 4 |
_a636.39 _bK6 2007 |
| 100 | 0 | 0 |
_aKoeslag, Johan H. _963613 |
| 245 | 1 | 0 |
_aCabras / _cpor Johan H. Koeslag. |
| 250 | _a3 ed. | ||
| 260 |
_aMéxico, D.F. : _bTrilas, _c2007. |
||
| 300 |
_a112 p. : _bil. |
||
| 490 | _aManuales para educación agropecuaria. Producción animal | ||
| 590 |
_aE5765TAJ _b05 _c20160920 _lUCH01 _h0949 |
||
| 590 |
_aE5765TAJ _b05 _c20160920 _lUCH01 _h0950 |
||
| 650 | 1 | 4 |
_aGanado cabrío. _944988 |
| 830 | 0 |
_aManuales para educación agropecuaria. Área producción animal (Trillas) _970694 |
|
| 901 | _aBK | ||
| 942 | _cLIBRO | ||
| 942 | _n0 | ||
| 999 |
_c109138 _d109138 |
||